Teología de la historia

-д хадгалсан:
Номзүйн дэлгэрэнгүй
Үндсэн зохиолч: Lewry, Osmund (Зохиогч)
Формат: Ном
Хэл сонгох:испани
Хэвлэсэн: Ciudad de México Paulinas 1971
Цуврал:Teología de Bolsillo para Clérigos y Seglares, 7
Нөхцлүүд:
Шошгууд: Шошго нэмэх
Шошго байхгүй, Энэхүү баримтыг шошголох эхний хүн болох!

MARC

LEADER 00000nam a2200000 a 4500
001 UCR2128
003 CL-VaPUC
008 980109e19710000MX |||||||||||||||||spa|d
082 0 4 |a 231.76  |b LEW  |2 21 
100 0 |a Lewry, Osmund  |e author  |9 399835 
245 1 0 |a Teología de la historia 
300 |a 127 p 
942 |c BK 
945 |d 19980109 00:00:00  |a jquezada 
260 |a Ciudad de México  |b Paulinas  |c 1971 
600 0 |a Dios  |9 314467 
650 0 |a Teología   |9 258766 
650 0 |a Cristianismo  |9 257361 
650 7 |a DOCTRINAS RELIGIOSAS  |2 CL-VaPUC  |9 337177 
650 0 |a Religión y ciencia  |9 314470 
650 0 |a Historia  |9 255047 
583 |a last modification  |c 19980109 00:00:00  |k Rodrigo Vera 
490 0 |a Teología de Bolsillo para Clérigos y Seglares, 7 
999 |c 265393  |d 265391 
952 |0 0  |1 0  |4 0  |6 231_760000000000000_LEW_1971  |7 0  |8 A  |9 296297  |a BIBTEO  |b BIBTEO  |d 2019-11-20  |i 3387496  |o 231.76 LEW 1971  |p 3387496  |r 2025-01-17  |w 2019-11-20  |y BK  |k ICR